Регионална библиотека "Любен Каравелов" - Русе

Босоногото дете (Запис номер 327654)

MARC детайли
000 -Лидер
Контролно поле с фиксирана дължина nam a22 a 4500
003 - Код на организацията, давaща контролен номер
Контролно поле BLK
005 - Дата и час на последна редакция
Контролно поле 20190308133731.0
008 - Елементи от данни с фиксирана дължина
fixed length control field 181212b bu ||||| |||| 00| 0 bu d
020 ## - Международен стандартен номер на книга ISBN
Международен стандартен номер на книга ISBN 9789549376586
040 ## - Източник на каталожния запис
Идентификатор на билиотеката - собственик на записа BLK
041 ## - Код за език
Код за езика на текст/звукозапис или на отделно заглавие Български
Код за езика КДБФ Български
080 ## - УДК
Текстов определител УДК Българска литература
УДК код - определител по УДК 821.163.2
УДК определител -1
УДК - код + определител 821.163.2-1
100 ## - Редна дума - Автор
R(LIN) 349863
Автор Минева, Елена Григорова
Авторска отговорност първи автор
139 ## - Редно поле
Редна дума Минева, Елена Григорова
Авторски знак Мине - М 64
245 ## - Сведения за заглавието
Заглавие Босоногото дете
Подзаглавни данни стихове
260 ## - Област на издателските данни
9 (RLIN) 210774
Място на издаване, разпространение и проч. Стара Загора
Име на издателя, разпространителя и проч. Палмира
Година на издаване 2018
Печатница Булгед
Издателство - префикс ISBN 954-8864- ; 954-9376-
300 ## - Физическа характеристика
Страници 72 с.
Илюстрации и др. с портр.
Размери/Мащаб 21 см
380 ## - Жанр
Жанр Худож. лит.
650 #0 - Допълнително описание по предмет – тема
9 (RLIN) 391088
Основно описание – тема или топоним Стихове
700 ## - Други автори (авторска отговорност)
9 (RLIN) 1311
Лично име Никленова, Палмира
Автороска отговорност (Описва отношението между автора и произведението) ред.
700 ## - Други автори (авторска отговорност)
9 (RLIN) 1637
Лично име Златев, Злати М.
Автороска отговорност (Описва отношението между автора и произведението) худож.
700 ## - Други автори (авторска отговорност)
9 (RLIN) 538
Лично име Върбанова, Ралица
Автороска отговорност (Описва отношението между автора и произведението) дизайн
852 ## - Местоположение
Форматна сигнатура Цб 292415
999 ## - СИСТЕМНИ КОНТРОЛНИ НОМЕРА
Koha biblionumber 327654
Koha biblioitemnumber 327654
942 ## - АРТИКУЛИ
Вид на библиотечния материал Книги
Скрит в OPAC Не
944 ## - СЪЗДАВАНЕ И РЕДАКЦИЯ на ЗАПИСА
Създаване/Редакция Създаване
Дата на регистрацията/редакция 2018-12-12
Служител, извършил регистрацията/редакцията Кристиан Велковски
Статус, дата на статуса 2018-12-12
999 ## - СИСТЕМНИ КОНТРОЛНИ НОМЕРА
Koha biblioitemnumber 327654
Наличности
Код за отписване Код за изгубен артикул Източник на класификационната схема Код за повреда Коз за рестрикции Код за отдаване Артикулен № Име на библиотеката - собственик Име на библиотеката, в която се намира в момента Статус (Текущо местоположение) Дата на вписване в системата Местоположение - отдел Цена в лева Систематично азбучна сигнатура Баркод Цена в евро Служебен тип на артикула
  Не е изгубен Universal Decimal Classification Не е повреден без рестрикции ползва се в читалня 686766 Регионална библиотека "Любен Каравелов" Русе Регионална библиотека "Любен Каравелов" Русе Хранилище 2018-12-13 Хранилище 5.00 Цб 292415 120000827549 2.56 Книги
Vip Innovations Ltd, Rousse, Bulgaria 2025